000 00295nam a2200121Ia 4500
008 191206s9999 xx 000 0 und d
020 _a9.78797E+11
090 _aDT2990.CHU
245 0 _aZimbabwe looking East
260 _cc2015
300 _a"xvii, 231 pages ; 21 cm"
999 _c17353
_d17353